[Event "Berlin Radtke Memorial op"]
[Site "Berlin"]
[Date "2023.10.28"]
[Round "8"]
[White "Garsky, Vladyslav"]
[Black "Barseghyan, Armen Ar"]
[Result "0-1"]
[WhiteElo "2089"]
[BlackElo "2342"]
[PlyCount "142"]
[EventDate "2023.10.23"]
[EventType "swiss"]
[EventRounds "9"]
[EventCountry "GER"]
[SourceTitle "Mega2024 Update 01"]
[Source "Chessbase"]
[SourceDate "2023.11.12"]
[SourceVersion "1"]
[SourceVersionDate "2023.11.12"]
[SourceQuality "1"]

1. e4 c5 2. Nf3 Nc6 3. d4 cxd4 4. Nxd4 g6 5. c4 Nf6 6. Nc3 d6 7. Be2 Nxd4 8. Qxd4 Bg7 9. Be3 0-0 10. Qd3 a5 11. 0-0 Bd7 12. Bd4 Bc6 13. b3 Nd7 14. Bxg7 Kxg7 15. Rfd1 Qb6 16. Rab1 Qc5 17. Qd4+ Qxd4 18. Rxd4 Nc5 19. f3 Rfd8 20. Rbd1 Rdc8 21. Kf2 Ra6 22. Ke3 Rb6 23. Rb1 Rb4 24. Bd1 a4 25. a3 Rxb3 26. Bxb3 axb3 27. Nd5 e5 28. Rd2 Ra8 29. Nb4 Rxa3 30. Nxc6 bxc6 31. Rxd6 Na4 32. Rd3 Ra2 33. Rbxb3 Nb2 34. Rxb2 Rxb2 35. Rd2 Rb3+ 36. Rd3 Rb4 37. Rd6 Rxc4 38. g4 Rc3+ 39. Kf2 Rc2+ 40. Kg3 g5 41. h4 gxh4+ 42. Kxh4 Rc3 43. Kg3 h6 44. Rd8 Rc2 45. Re8 f6 46. Re7+ Kg6 47. Rc7 c5 48. Rc8 c4 49. Rc7 Rc1 50. Kf2 c3 51. Ke2 c2 52. Rc3 Kg5 53. Kd2 Rh1 54. Kxc2 Kf4 55. Kd2 Rh2+ 56. Ke1 Kg3 57. Rc6 Kxf3 58. Rxf6+ Kxe4 59. Rf5 Rh4 60. Rf6 Ke3 61. Kf1 e4 62. Re6 Kf3 63. Ke1 Rxg4 64. Rxh6 Rg1+ 65. Kd2 e3+ 66. Kc2 e2 67. Rf6+ Ke3 68. Re6+ Kf2 69. Rf6+ Ke1 70. Kd3 Kd1 71. Ra6 Rg3+ 0-1

[Event "Titled Tuesday intern op 18th Jul Early"]
[Site "Chess.com INT"]
[Date "2023.07.18"]
[Round "5"]
[White "Garsky, Vladyslav"]
[Black "Sherman, Reem"]
[Result "1-0"]
[WhiteElo "2281"]
[BlackElo "2216"]
[PlyCount "77"]
[EventDate "2023.07.18"]
[EventType "swiss (blitz)"]
[EventRounds "11"]
[EventCountry "USA"]
[SourceTitle "EXT 2024"]
[Source "ChessBase"]
[SourceDate "2023.10.10"]
[SourceVersion "1"]
[SourceVersionDate "2023.10.10"]
[SourceQuality "1"]

1. e4 e5 2. Nf3 Nc6 3. c3 Nf6 4. d4 exd4 5. e5 Nd5 6. cxd4 Bb4+ 7. Bd2 Bxd2+ 8. Qxd2 0-0 9. Bc4 Nb6 10. Bb3 d6 11. exd6 Re8+ 12. Kf1 Qxd6 13. Nc3 Be6 14. d5 Rad8 15. dxe6 fxe6 16. Qxd6 Rxd6 17. Ke2 Nd5 18. Nxd5 exd5+ 19. Kd2 Red8 20. Rhe1 Rg6 21. g3 Na5 22. Ne5 Rb6 23. Re3 c5 24. Rd3 Rbd6 25. Bc2 Re6 26. f4 Kf8 27. b3 d4 28. Re1 Ra6 29. Rf3 b5 30. Bxh7 Nb7 31. Ng6+ Kf7 32. Re7+ Kf6 33. Rxb7 Rxa2+ 34. Kd1 Ra1+ 35. Kc2 Re8 36. Ne5 Rc8 37. Rf7+ Ke6 38. Bf5+ Kd5 39. Rd7# 1-0

[Event "Titled Tuesday intern op 18th Jul Early"]
[Site "Chess.com INT"]
[Date "2023.07.18"]
[Round "7"]
[White "Garsky, Vladyslav"]
[Black "Shukhman, Anna"]
[Result "1-0"]
[WhiteElo "2281"]
[BlackElo "2154"]
[PlyCount "127"]
[EventDate "2023.07.18"]
[EventType "swiss (blitz)"]
[EventRounds "11"]
[EventCountry "USA"]
[SourceTitle "EXT 2024"]
[Source "ChessBase"]
[SourceDate "2023.10.10"]
[SourceVersion "1"]
[SourceVersionDate "2023.10.10"]
[SourceQuality "1"]

1. e4 c5 2. Nf3 a6 3. c3 d5 4. exd5 Qxd5 5. d4 e6 6. Be3 cxd4 7. Nxd4 Nf6 8. Be2 e5 9. Nf3 Qxd1+ 10. Bxd1 Nc6 11. Nbd2 Be6 12. Bb3 Bxb3 13. Nxb3 Be7 14. Nc5 0-0 15. Nb3 Nd5 16. Bd2 a5 17. a4 e4 18. Nfd4 Bf6 19. Nxc6 bxc6 20. 0-0-0 Be7 21. Nd4 Rfc8 22. Rhe1 Nf6 23. Nf5 Bc5 24. Be3 Bf8 25. Bg5 Re8 26. Bxf6 gxf6 27. Nd6 Bxd6 28. Rxd6 Rac8 29. Rxf6 Re5 30. Re3 Kf8 31. Rh6 Kg7 32. Rd6 f5 33. Rg3+ Kf7 34. Rd7+ Re7 35. Rxe7+ Kxe7 36. Rg7+ Kf6 37. Rxh7 f4 38. Rh5 c5 39. g3 f3 40. Kd2 Rb8 41. Ke3 Rxb2 42. Kxe4 Rxf2 43. g4 Rc2 44. Kxf3 Rxc3+ 45. Kf4 Rc4+ 46. Kg3 Rc3+ 47. Kh4 c4 48. Rxa5 Rc2 49. h3 Ra2 50. g5+ Kg6 51. Ra6+ Kf5 52. a5 c3 53. Rf6+ Ke4 54. Rc6 Kd3 55. g6 Ra4+ 56. Kh5 Rxa5+ 57. Kh6 Ra1 58. h4 Rh1 59. h5 c2 60. g7 Rg1 61. Kh7 Kd2 62. Rxc2+ Kxc2 63. g8Q Kd3 64. Qxg1 1-0

[Event "Titled Tuesday intern op 18th Jul Early"]
[Site "Chess.com INT"]
[Date "2023.07.18"]
[Round "9"]
[White "Sadykov, Ramil"]
[Black "Garsky, Vladyslav"]
[Result "1-0"]
[WhiteElo "2345"]
[BlackElo "2281"]
[PlyCount "53"]
[EventDate "2023.07.18"]
[EventType "swiss (blitz)"]
[EventRounds "11"]
[EventCountry "USA"]
[SourceTitle "EXT 2024"]
[Source "ChessBase"]
[SourceDate "2023.10.10"]
[SourceVersion "1"]
[SourceVersionDate "2023.10.10"]
[SourceQuality "1"]

1. d4 d5 2. c4 dxc4 3. e3 Nf6 4. Bxc4 a6 5. Nf3 e6 6. Nc3 c5 7. 0-0 Nc6 8. a3 cxd4 9. exd4 Be7 10. d5 exd5 11. Nxd5 Nxd5 12. Bxd5 0-0 13. Bxc6 bxc6 14. Qxd8 Rxd8 15. Ne5 Bb7 16. Be3 Bf6 17. Nc4 Rd3 18. Na5 Bc8 19. Rad1 Bf5 20. Nxc6 Rc8 21. Rxd3 Bxd3 22. Rc1 Kf8 23. Nb4 Rxc1+ 24. Bxc1 Bc4 25. g4 Ke7 26. g5 Bd4 27. Nc6+ 1-0

[Event "Titled Tuesday intern op 18th Jul Early"]
[Site "Chess.com INT"]
[Date "2023.07.18"]
[Round "4"]
[White "Wagh, Suyog"]
[Black "Garsky, Vladyslav"]
[Result "0-1"]
[WhiteElo "2221"]
[BlackElo "2281"]
[PlyCount "106"]
[EventDate "2023.07.18"]
[EventType "swiss (blitz)"]
[EventRounds "11"]
[EventCountry "USA"]
[SourceTitle "EXT 2024"]
[Source "ChessBase"]
[SourceDate "2023.10.10"]
[SourceVersion "1"]
[SourceVersionDate "2023.10.10"]
[SourceQuality "1"]

1. e4 c6 2. d4 d5 3. e5 c5 4. dxc5 e6 5. a3 Bxc5 6. Qg4 Kf8 7. b4 Be7 8. Nf3 f6 9. Bb2 Nh6 10. Qf4 Nf7 11. Bd3 Nc6 12. exf6 Bxf6 13. Bxf6 Qxf6 14. Qxf6 gxf6 15. 0-0 e5 16. Be2 Be6 17. Nbd2 Rg8 18. c4 d4 19. Rfe1 Bf5 20. c5 Rd8 21. Bc4 Ne7 22. Ne4 Bxe4 23. Rxe4 f5 24. Rxe5 Nxe5 25. Nxe5 Rg7 26. Nd3 Ng6 27. Kf1 Re7 28. Rd1 Ne5 29. Nxe5 Rxe5 30. Bd3 Kg7 31. g3 Kf6 32. Rc1 Rc8 33. Rc4 Rd5 34. Ke2 Re8+ 35. Kd2 Kg5 36. c6 bxc6 37. Rxc6 f4 38. gxf4+ Kxf4 39. Bxh7 Rh8 40. Rc7 Rh5 41. Bd3 Rxh2 42. Rf7+ Kg4 43. b5 Kh3 44. Rg7 Rxf2+ 45. Ke1 Ra2 46. Rd7 Rc8 47. Be2 Rc1+ 48. Bd1 Rh2 49. Rxd4 Rh1+ 50. Ke2 Ra1 51. a4 Kg3 52. Rd3+ Kf4 53. Bb3 Rh2# 0-1

[Event "Dortmund Sparkassen op 50th"]
[Site "Dortmund"]
[Date "2023.06.24"]
[Round "1"]
[White "Garsky, Vladyslav"]
[Black "Prohaszka, Peter"]
[Result "0-1"]
[WhiteElo "2281"]
[BlackElo "2585"]
[PlyCount "104"]
[EventDate "2023.06.24"]
[EventType "swiss"]
[EventRounds "9"]
[EventCountry "GER"]
[SourceTitle "CBM 215 Extra"]
[Source "ChessBase"]
[SourceDate "2023.09.30"]
[SourceVersion "1"]
[SourceVersionDate "2023.09.30"]
[SourceQuality "1"]

1. e4 c6 2. d4 d5 3. exd5 cxd5 4. Bd3 Nc6 5. c3 Nf6 6. Nf3 Bg4 7. Bf4 Qb6 8. Nbd2 e6 9. 0-0 Be7 10. h3 Bh5 11. Qb1 Bg6 12. a3 0-0 13. Bxg6 hxg6 14. Qd3 Rac8 15. Rfe1 Na5 16. Rab1 Nc4 17. Nxc4 dxc4 18. Qe2 Nd5 19. Bg3 Qd8 20. Ne5 b5 21. Qg4 a5 22. Rbc1 Nf6 23. Qe2 Qd5 24. Bh4 Rfe8 25. Qd2 Qb7 26. Qf4 Bd8 27. Bxf6 gxf6 28. Ng4 f5 29. Ne5 g5 30. Qg3 f6 31. Nf3 Bc7 32. Ne5 Bb8 33. Qf3 Qc7 34. Ng6 Qh7 35. d5 Qxg6 36. dxe6 Be5 37. Qd5 Qg7 38. Rcd1 Qe7 39. Qxb5 Qxe6 40. Qxa5 Qc6 41. Qa7 Rc7 42. Qa5 Ra8 43. Qd5+ Qxd5 44. Rxd5 Rb8 45. Re2 Kf7 46. g3 f4 47. Kg2 Rcb7 48. Rdd2 Kg6 49. Kf3 Kf5 50. Kg2 Rh8 51. g4+ Ke6 52. Re4 Rbh7 0-1

[Event "Marianske Lazne IM-B2 21st"]
[Site "Marianske Lazne"]
[Date "2023.01.18"]
[Round "6"]
[White "Garsky, Vladyslav"]
[Black "Besou, Hussain"]
[Result "1-0"]
[WhiteElo "2169"]
[BlackElo "2288"]
[PlyCount "117"]
[EventDate "2023.01.14"]
[EventType "tourn"]
[EventRounds "9"]
[EventCountry "CZE"]
[SourceTitle "CBM 212 Extra"]
[Source "ChessBase"]
[SourceDate "2023.03.31"]
[SourceVersion "1"]
[SourceVersionDate "2023.03.31"]
[SourceQuality "1"]

1. e4 c6 2. d4 d5 3. exd5 cxd5 4. Bd3 Nc6 5. c3 Nf6 6. Nf3 Bg4 7. h3 Bh5 8. 0-0 e6 9. Bf4 Bd6 10. Bxd6 Qxd6 11. Nbd2 0-0 12. Re1 Rab8 13. a3 Rfc8 14. Qb1 Bg6 15. Bxg6 hxg6 16. Qd3 Ne7 17. Ne5 b5 18. b4 Qc7 19. Rec1 Nc6 20. Nxc6 Qxc6 21. Nb3 Ne4 22. Nc5 Nd6 23. a4 a6 24. Ra2 Nc4 25. Rca1 bxa4 26. Nxa4 a5 27. Rb1 axb4 28. cxb4 e5 29. dxe5 Nxe5 30. Qd4 Qc4 31. Rd2 Qxd4 32. Rxd4 Rb5 33. Rbd1 Nc6 34. Rxd5 Rxb4 35. Nc5 f6 36. Nd3 Rb7 37. Rc1 Rbc7 38. Rdc5 Rd7 39. Nb4 Nxb4 40. Rxc8+ Kh7 41. R8c4 Nd3 42. Rd1 g5 43. Rc3 Ne5 44. Rxd7 Nxd7 45. Kf1 Kg6 46. Ke2 Ne5 47. Rc7 g4 48. h4 Kh5 49. Rxg7 Kxh4 50. Ke3 f5 51. Kd4 Nc6+ 52. Ke3 Nd8 53. Rd7 Ne6 54. Re7 Nc5 55. Re5 f4+ 56. Kd4 Nd7 57. Rf5 f3 58. gxf3 gxf3 59. Rxf3 1-0

[Event "Nova Gorica op-A 26th"]
[Site "Nova Gorica"]
[Date "2022.09.17"]
[Round "3"]
[White "Lodici, Lorenzo"]
[Black "Garsky, Vladyslav"]
[Result "1-0"]
[WhiteElo "2559"]
[BlackElo "2229"]
[PlyCount "77"]
[EventDate "2022.09.16"]
[EventType "swiss"]
[EventRounds "9"]
[EventCountry "SLO"]
[SourceTitle "CBM 210 Extra"]
[Source "ChessBase"]
[SourceDate "2022.11.30"]
[SourceVersion "1"]
[SourceVersionDate "2022.11.30"]
[SourceQuality "1"]

1. e4 c6 2. Nf3 d6 3. c4 Nf6 4. Nc3 e5 5. d4 Qc7 6. Be2 Be7 7. 0-0 0-0 8. Re1 Nbd7 9. Bf1 Re8 10. h3 Nf8 11. Rb1 a5 12. Be3 Ng6 13. Qc2 Rb8 14. Rbc1 Nd7 15. g3 h5 16. h4 Nf6 17. dxe5 dxe5 18. Na4 b6 19. c5 b5 20. Nb6 Ng4 21. Bd2 Bxc5 22. Qxc5 Qxb6 23. Qxb6 Rxb6 24. Bxa5 Ra6 25. b4 f5 26. exf5 Bxf5 27. a4 Bd7 28. Ng5 Nf6 29. Bd3 e4 30. Nxe4 Nxe4 31. Bxe4 Ne5 32. axb5 cxb5 33. Bc7 Rae6 34. Red1 Bc6 35. Bxc6 Rxc6 36. Rxc6 Nxc6 37. Rd5 Nxb4 38. Rxb5 Na6 39. Bf4 1-0